Investigating the non-linear viscoelastic behavior of filled rubber compounds through fourier transform rheometry (Record no. 61616)

MARC details
000 -LEADER
fixed length control field 00476nam a2200145Ia 4500
100 ## - MAIN ENTRY--AUTHOR NAME
Personal name Leblanc Jean L
245 #0 - TITLE STATEMENT
Title Investigating the non-linear viscoelastic behavior of filled rubber compounds through fourier transform rheometry
260 ## - PUBLICATION, DISTRIBUTION, ETC. (IMPRINT)
Name of publisher Rubber Chemistry and Technology
Year of publication 2005
300 ## - PHYSICAL DESCRIPTION
Number of Pages 54-75
650 ## - SUBJECT ADDED ENTRY--TOPICAL TERM
Topical Term Filled rubber compounds
650 ## - SUBJECT ADDED ENTRY--TOPICAL TERM
Topical Term Nlinear viscoelastic behavior
650 ## - SUBJECT ADDED ENTRY--TOPICAL TERM
Topical Term Rheometry
942 ## - ADDED ENTRY ELEMENTS (KOHA)
Koha item type Journals
Holdings
Withdrawn status Lost status Damaged status Not for loan Home library Current library Shelving location Date acquired Serial Enumeration / chronology Koha item type
      Journals RRII Library RRII Library Rubber chemistry 17/12/2021 Volume 78, Issue 1 Journals